[Event "ICS rated blitz match"]
[Site "204.178.125.65"]
[Date "1999.08.30"]
[Round "?"]
[White "PostModernist"]
[Black "Hossa"]
[Result "1-0"]
[WhiteElo "2522"]
[BlackElo "2488"]
[PlyCount "68"]
[EventDate "1999.??.??"]

1. d4 d5 2. c4 e6 3. Nc3 Nf6 4. Nf3 Bb4 5. cxd5 exd5 6. Bg5 O-O 7. e3 Bg4 8.
Bd3 Nbd7 9. O-O c6 10. Qe2 Bd6 11. e4 Qb6 12. e5 Bxf3 13. Qxf3 Bxe5 14. dxe5
Nxe5 15. Qg3 Nfg4 16. Bf5 f6 17. Bc1 d4 18. Nd1 c5 19. Bxg4 Nxg4 20. Qxg4 Rae8
21. Qd7 Re6 22. Qd5 Rd8 23. Qc4 Rde8 24. Re1 Qa6 25. Rxe6 Qxe6 26. Qxe6+ Rxe6
27. Kf1 b6 28. b3 Kf7 29. Nb2 h5 30. Bd2 Rd6 31. Re1 g5 32. f4 g4 33. Nc4 Rd8
34. g3 34... b5 {Hossa resigns} 1-0

[Event "ICS rated blitz match"]
[Site "204.178.125.65"]
[Date "1999.10.09"]
[Round "?"]
[White "PostModernist"]
[Black "Hossa"]
[Result "1-0"]
[WhiteElo "2584"]
[BlackElo "2481"]
[PlyCount "91"]
[EventDate "1999.??.??"]

1. Nf3 g6 2. g3 Nf6 3. Bg2 Bg7 4. c4 c5 5. Nc3 Nc6 6. O-O O-O 7. d4 cxd4 8.
Nxd4 Nxd4 9. Qxd4 Ne8 10. Qd2 Nc7 11. b3 Rb8 12. Bb2 Ne6 13. Rfd1 b6 14. Nb5
Bxb2 15. Qxb2 a6 16. Nd4 Bb7 17. Nxe6 fxe6 18. Bxb7 Rxb7 19. Qd4 Rf6 20. e4 Rf3
21. Rd2 b5 22. cxb5 axb5 23. Rc1 d6 24. Rdc2 Rb8 25. Rc7 Qf8 26. R1c2 Ra8 27.
Qb6 Rd3 28. Qc6 Rd8 29. Qxb5 Qf3 30. Rc1 Rd2 31. Qf1 Rxa2 32. Rxe7 Rda8 33.
Rxe6 Rd8 34. Rc7 Re2 35. Ree7 Rxe4 36. Rg7+ Kf8 37. Rxh7 Qf6 38. Qh3 Kg8 39.
Qh6 Re1+ 40. Kg2 Re7 41. Rhxe7 Qxf2+ 42. Kxf2 Rf8+ 43. Kg2 Rf7 44. Rxf7 g5 45.
Qxg5+ Kh8 46. Rf8# {Hossa checkmated} 1-0

[Event "ICS rated blitz match"]
[Site "204.178.125.65"]
[Date "1999.10.09"]
[Round "?"]
[White "PostModernist"]
[Black "Hossa"]
[Result "1-0"]
[WhiteElo "2590"]
[BlackElo "2460"]
[PlyCount "145"]
[EventDate "1999.??.??"]

1. c4 Nf6 2. Nc3 e5 3. Nf3 Nc6 4. d4 e4 5. Nd2 Nxd4 6. Ndxe4 Nxe4 7. Qxd4 Nc5
8. e4 Ne6 9. Qd3 Bc5 10. g3 Qf6 11. f4 d6 12. f5 Nf8 13. Nd5 Qd8 14. Bg5 f6 15.
Bf4 Nd7 16. Be2 O-O 17. O-O-O Ne5 18. Qb3 c6 19. Nc3 Re8 20. Na4 b6 21. Nxc5
bxc5 22. Rd2 Re7 23. Bxe5 fxe5 24. f6 Rf7 25. fxg7 Rxg7 26. Qd1 Rg6 27. Rf1 Bh3
28. Rf2 Qg5 29. Qb3 Qe7 30. Qa4 Bd7 31. Qa6 Bc8 32. Qa3 Rb8 33. h4 Bg4 34. h5
Rg5 35. Bxg4 Rxg4 36. Qf3 Rg7 37. Kb1 Qe6 38. b3 a6 39. Rf1 a5 40. Rdf2 Rg4 41.
Qd3 Rd8 42. Rf6 Qe7 43. Rf7 Qe6 44. R1f6 Qe8 45. h6 Rg5 46. Rb7 Qh5 47. Qxd6
Qd1+ 48. Qxd1 Rxd1+ 49. Kb2 Rd8 50. Rxc6 Re8 51. Rxc5 Rxg3 52. Rcc7 a4 53. Rxh7
Rd8 54. Rhe7 Rg6 55. h7+ Kh8 56. b4 Rg2+ 57. Ka3 Ra8 58. b5 Rc8 59. c5 Rc2 60.
c6 Rc3+ 61. Kxa4 Rc4+ 62. Ka5 Rxe4 63. c7 Rf4 64. Rb8 Rff8 65. Rxc8 Rxc8 66. b6
Ra8+ 67. Kb5 Re8 68. Rxe8+ Kxh7 69. c8=Q Kg6 70. Qg4+ Kf6 71. Re6+ Kf7 72. Qg6+
Kf8 73. Re8# {Hossa checkmated} 1-0

[Event "ICS rated blitz match"]
[Site "204.178.125.65"]
[Date "1999.09.18"]
[Round "?"]
[White "PostModernist"]
[Black "Hossa"]
[Result "0-1"]
[WhiteElo "2485"]
[BlackElo "2464"]
[PlyCount "108"]
[EventDate "1999.??.??"]

1. d4 d5 2. c4 c6 3. Nc3 Nf6 4. cxd5 cxd5 5. Bf4 Bg4 6. f3 Bf5 7. e3 e6 8. Bd3
Bxd3 9. Qxd3 Nbd7 10. Nge2 Bb4 11. Rc1 Rc8 12. O-O O-O 13. Nb5 Qa5 14. a3 Be7
15. b4 Qb6 16. Bc7 Qa6 17. Nf4 Ne8 18. Be5 Rxc1 19. Rxc1 Bg5 20. Bc7 Nxc7 21.
Rxc7 Bxf4 22. exf4 Nb6 23. g3 Nc4 24. Rxc4 dxc4 25. Qxc4 Qa4 26. Kg2 a6 27. Nd6
Qd7 28. Ne4 Rd8 29. Nc5 Qxd4 30. Qxd4 Rxd4 31. Nxb7 Rd3 32. Nc5 Rxa3 33. g4 a5
34. bxa5 Rxa5 35. Ne4 f5 36. Nd6 Kf8 37. Kg3 Rc5 38. g5 Ke7 39. Ne4 fxe4 40.
fxe4 Rc3+ 41. Kg4 Kd6 42. h4 e5 43. f5 Re3 44. h5 Rxe4+ 45. Kg3 Rf4 46. Kh3
Rxf5 47. g6 h6 48. Kg4 Ke6 49. Kg3 e4 50. Kg4 e3 51. Kg3 e2 52. Kg2 e1=Q 53.
Kh3 Rg5 54. Kh2 54... Qh4# {PostModernist checkmated} 0-1

[Event "ICS rated blitz match"]
[Site "204.178.125.65"]
[Date "1999.10.09"]
[Round "?"]
[White "PostModernist"]
[Black "Hossa"]
[Result "1-0"]
[WhiteElo "2580"]
[BlackElo "2410"]
[PlyCount "91"]
[EventDate "1999.??.??"]

1. d4 Nf6 2. c4 e6 3. Nf3 b6 4. g3 Ba6 5. Nbd2 Bb4 6. Qb3 c5 7. Bg2 O-O 8. a3
Bxd2+ 9. Nxd2 d5 10. dxc5 bxc5 11. O-O Nc6 12. Qa4 Qc8 13. b4 Nd4 14. Re1 Bb7
15. Bb2 dxc4 16. bxc5 Bxg2 17. Bxd4 Bh3 18. Bxf6 gxf6 19. Qxc4 Qc6 20. Ne4 Kh8
21. f3 e5 22. g4 f5 23. gxf5 Rg8+ 24. Ng3 Bxf5 25. Qc3 Qf6 26. Red1 Bh3 27. c6
Qf4 28. Kh1 a6 29. c7 Rac8 30. Rab1 Qf6 31. Qc5 Rg6 32. Rb8 Rgg8 33. Rxc8 Bxc8
34. Ne4 Qe6 35. Rd8 h5 36. Qg1 Qg6 37. Qxg6 fxg6 38. Nf6 Be6 39. Rxg8+ Bxg8 40.
c8=Q Kg7 41. Nd7 Kf7 42. Qf8+ Ke6 43. Nc5+ Kd5 44. Ne4 Kc6 45. Qd6+ Kb7 46.
Nc5+ {Hossa resigns} 1-0

[Event "ICS rated blitz match"]
[Site "204.178.125.65"]
[Date "1999.09.17"]
[Round "?"]
[White "PostModernist"]
[Black "Hossa"]
[Result "0-1"]
[WhiteElo "2477"]
[BlackElo "2440"]
[PlyCount "100"]
[EventDate "1999.??.??"]

1. e4 c5 2. Nf3 Nc6 3. d4 cxd4 4. Nxd4 e6 5. Nb5 d6 6. c4 a6 7. N5c3 Be7 8. Na3
Bf6 9. Bd2 Nge7 10. Be2 O-O 11. O-O Be5 12. Nc2 f5 13. exf5 Nxf5 14. Ne1 b6 15.
Nf3 Bf6 16. b3 Bb7 17. Re1 Ncd4 18. Kh1 Qe7 19. Rb1 b5 20. a4 bxc4 21. Nxd4
Nxd4 22. bxc4 Be5 23. f3 Rab8 24. Kg1 Qh4 25. f4 Bxf4 26. Bxf4 Qxf4 27. Kh1 Qf2
28. Rxb7 Rxb7 29. Ne4 Qh4 30. Nxd6 Rb3 31. c5 Re3 32. Nc4 Rxe2 33. Rxe2 Nxe2
34. Qxe2 Qg4 35. Qe1 Qxc4 36. Kg1 Qxc5+ 37. Kh1 Qf5 38. h4 Qf1+ 39. Qxf1 Rxf1+
40. Kh2 Ra1 41. g4 Rxa4 42. h5 Rxg4 43. Kh3 Rg5 44. Kh4 h6 45. Kh3 e5 46. Kh4
e4 47. Kh3 e3 48. Kh2 e2 49. Kh3 e1=Q 50. Kh2 50... Qh4# {
PostModernist checkmated} 0-1

[Event "ICS rated blitz match"]
[Site "204.178.125.65"]
[Date "1999.09.01"]
[Round "?"]
[White "PostModernist"]
[Black "Hossa"]
[Result "1/2-1/2"]
[WhiteElo "2467"]
[BlackElo "2514"]
[PlyCount "146"]
[EventDate "1999.??.??"]

1. e4 e5 2. Nc3 Nf6 3. Nf3 Bb4 4. Nxe5 d6 5. Nf3 Bxc3 6. dxc3 Nxe4 7. Bd3 Nc5
8. O-O O-O 9. Be3 Nxd3 10. Qxd3 f6 11. Rfe1 Nc6 12. Nd4 Ne5 13. Qf1 d5 14. Rad1
Re8 15. Bf4 c5 16. Nb3 b6 17. a3 Bg4 18. f3 Bf5 19. Qf2 Nc4 20. Bc1 Qd7 21. Nd2
Bxc2 22. Nxc4 Bxd1 23. Rxd1 Qa4 24. b3 Qxb3 25. Nb2 Qxc3 26. Qf1 Rad8 27. Nd3
Qd4+ 28. Kh1 Qc4 29. Bf4 Qa2 30. Bg3 Re6 31. Nf4 Re3 32. Ra1 Qb3 33. a4 Rd7 34.
a5 Rd8 35. Qg1 Qc3 36. Rc1 Qa3 37. Ra1 Qb2 38. axb6 axb6 39. Nxd5 Rb3 40. Rd1
Re8 41. Nc7 Re2 42. Rd8+ Kf7 43. Rd7+ Kg6 44. Nd5 Re8 45. Ne7+ Kf7 46. Qe1 Qb1
47. Rd1 Qc2 48. Bd6 Re3 49. Qg1 R8xe7 50. Bxe7 Rxe7 51. h3 Qc4 52. Kh2 Qf4+ 53.
Kh1 Qg3 54. Qf1 Kg6 55. Rb1 Re6 56. Rc1 Kg5 57. Ra1 f5 58. Qb5 f4 59. Qd7 Kf6
60. Rf1 Re1 61. Qd6+ Kg5 62. Rg1 Qf2 63. Rxe1 Qxe1+ 64. Kh2 Qb4 65. Qd8+ Kh5
66. Qd5+ Kh6 67. h4 g6 68. Qg5+ Kg7 69. Qe7+ Kg8 70. Qe8+ Kg7 71. Qe7+ Kg8 72.
Qe8+ Kg7 73. Qe7+ 73... Kh6 {Game drawn by repetition} 1/2-1/2

[Event "ICS rated blitz match"]
[Site "204.178.125.65"]
[Date "1999.10.01"]
[Round "?"]
[White "PostModernist"]
[Black "Hossa"]
[Result "1-0"]
[WhiteElo "2497"]
[BlackElo "2396"]
[PlyCount "107"]
[EventDate "1999.??.??"]

1. c4 c5 2. Nf3 g6 3. d4 Bg7 4. d5 Nf6 5. g3 O-O 6. Nc3 d6 7. Bg2 e5 8. Qc2 b6
9. Bg5 h6 10. Be3 Ba6 11. b3 Nbd7 12. O-O Ng4 13. Bd2 f5 14. e4 b5 15. cxb5 Bc8
16. Nh4 fxe4 17. Bxe4 Ngf6 18. Bxg6 Nb6 19. Nf5 Bxf5 20. Bxf5 Kh8 21. Be6 Ng8
22. Qe4 Nc8 23. Qg2 Nce7 24. Kh1 Rb8 25. a4 Qa5 26. Ne4 Qc7 27. Rg1 Rb7 28.
Rae1 Nf6 29. Nc3 c4 30. bxc4 Qxc4 31. f4 Ng6 32. Ref1 exf4 33. Bf5 f3 34. Rxf3
Ne5 35. Rf4 Qb3 36. Be6 Rc7 37. Ne2 Nc4 38. Bc1 Qc2 39. Rh4 Nd2 40. Nf4 Qxc1
41. Ng6+ Kh7 42. Nxf8+ Bxf8 43. Rd4 Nb3 44. Rf4 Qc3 45. Rf3 Qd4 46. Rxb3 Qxa4
47. Rf3 Bg7 48. g4 Nd7 49. g5 Ne5 50. gxh6 Qe4 51. hxg7 Nxf3 52. g8=Q+ Kh6 53.
Q8g6+ Qxg6 54. Qxg6# {Hossa checkmated} 1-0

[Event "ICS rated blitz match"]
[Site "204.178.125.65"]
[Date "1999.10.05"]
[Round "?"]
[White "PostModernist"]
[Black "Hossa"]
[Result "1-0"]
[WhiteElo "2603"]
[BlackElo "2470"]
[PlyCount "134"]
[EventDate "1999.??.??"]

1. Nf3 c5 2. c4 Nc6 3. d4 cxd4 4. Nxd4 e5 5. Nb5 Bb4+ 6. Bd2 Bc5 7. e3 Nf6 8.
Bd3 O-O 9. O-O a6 10. N5c3 Nb4 11. Be2 d5 12. a3 Nc6 13. cxd5 Nxd5 14. Nxd5
Qxd5 15. Qc2 Rd8 16. Bf3 Qd6 17. Be4 g6 18. Rc1 Ba7 19. Bxc6 Qxc6 20. Qxc6 bxc6
21. Ba5 Rd7 22. Nd2 Rd5 23. Nc4 Be6 24. Bb6 Bb8 25. b4 e4 26. Na5 Rb5 27. Bc5
Bd5 28. a4 Rxa5 29. bxa5 Bc7 30. Bb6 Bd6 31. Bd4 Bb4 32. Bc3 Bxc3 33. Rxc3 Rb8
34. Rcc1 g5 35. Rab1 Ra8 36. Rb7 Kg7 37. Rcb1 Kf6 38. Rb8 Ra7 39. R1b7 Rxb7 40.
Rxb7 Bc4 41. Rb6 Kg7 42. Rxc6 Bd3 43. g4 f6 44. Kg2 h6 45. Kg3 Kg6 46. h4 gxh4+
47. Kxh4 Bf1 48. Kg3 Be2 49. Kf4 Bd3 50. Re6 Bc4 51. Rxe4 Bd3 52. Re6 Bc4 53.
Rd6 Bf1 54. e4 Kg7 55. Kf5 h5 56. gxh5 Bh3+ 57. Kf4 Bf1 58. e5 fxe5+ 59. Kg5
Bc4 60. h6+ Kf7 61. h7 Kg7 62. Rd7+ Bf7 63. h8=Q+ Kxh8 64. Rxf7 e4 65. Kg6 Kg8
66. Rf6 e3 67. fxe3 67... Kh8 {Hossa resigns} 1-0

[Event "ICS rated blitz match"]
[Site "204.178.125.65"]
[Date "1999.09.24"]
[Round "?"]
[White "PostModernist"]
[Black "Hossa"]
[Result "1-0"]
[WhiteElo "2620"]
[BlackElo "2446"]
[PlyCount "193"]
[EventDate "1999.??.??"]

1. e4 c5 2. c3 e6 3. d4 d5 4. e5 Nc6 5. Nf3 cxd4 6. cxd4 Bb4+ 7. Nc3 Nge7 8.
Bd3 Bd7 9. O-O Rc8 10. Be3 O-O 11. Ng5 h6 12. Nh7 Re8 13. Qg4 Kh8 14. Qh5 Bxc3
15. bxc3 Qc7 16. Nf6 Ng8 17. Nxe8 Bxe8 18. Qg4 Na5 19. Rab1 Qe7 20. Rfc1 Nc4
21. Bf4 Na3 22. Rb3 Ba4 23. Rb2 b5 24. Re2 Nc4 25. Bxc4 Rxc4 26. Bd2 b4 27. Re3
b3 28. axb3 Bxb3 29. Kh1 Ba4 30. Ree1 Bb3 31. Rg1 a5 32. Rb1 a4 33. Qg3 Qb7 34.
Qf3 a3 35. Qd1 Rb4 36. Qg4 Ra4 37. Bc1 a2 38. Ra1 Qc7 39. Qf3 Ra7 40. Bd2 Rb7
41. Qg3 Bc4 42. Qf4 Rb2 43. Bc1 Rc2 44. Qf3 Bb3 45. Be3 Rxc3 46. Qg4 Ne7 47.
Bd2 Rc4 48. Qf3 Rxd4 49. Bc1 Rb4 50. Qxf7 Rb7 51. Qxe6 Rb6 52. Qf7 Qxe5 53. Be3
d4 54. Bxd4 Bxf7 55. Bxe5 Ng6 56. Bd4 Rb4 57. Be3 Rb2 58. Rge1 Bd5 59. Rad1 Bc4
60. h3 Kg8 61. Kh2 Re2 62. Rxe2 Bxe2 63. Rc1 Bd3 64. f3 Ne7 65. Bd4 h5 66. Rc7
Nf5 67. Be5 h4 68. Rc3 Bb1 69. Ra3 Kf7 70. Ra6 Kf8 71. Ra7 Kg8 72. Kg1 Kh7 73.
Kf2 Kh6 74. f4 Kg6 75. Kf3 Kh6 76. Ra6+ Kh5 77. Kf2 g5 78. fxg5 Kxg5 79. Ke2
Kh5 80. Kf3 Nh6 81. Ra8 Nf5 82. Kf4 Kg6 83. Rf8 Ne7 84. Kg4 Kh6 85. Rf7 Nd5 86.
Kxh4 Ne3 87. g4 Nc4 88. Bg7+ Kg6 89. Re7 Nd2 90. Bb2 Nf3+ 91. Kg3 Nd2 92. h4
Nc4 93. h5+ Kg5 94. Rg7+ Kh6 95. Kh4 Ne5 96. Bxe5 Be4 97. g5# {Hossa checkmated
} 1-0

[Event "ICS rated blitz match"]
[Site "204.178.125.65"]
[Date "1999.09.29"]
[Round "?"]
[White "PostModernist"]
[Black "Hossa"]
[Result "0-1"]
[WhiteElo "2643"]
[BlackElo "2475"]
[PlyCount "78"]
[EventDate "1999.??.??"]

1. c4 Nf6 2. Nc3 e5 3. Nf3 Nc6 4. g3 Bb4 5. Bg2 O-O 6. O-O d6 7. Nd5 Nxd5 8.
cxd5 Ne7 9. d4 Nxd5 10. Qb3 e4 11. Ng5 c6 12. Bxe4 h6 13. Bxd5 cxd5 14. Nxf7
Rxf7 15. Qxb4 Bh3 16. Re1 Qd7 17. Qc3 Qg4 18. Qd3 Re8 19. Bd2 Re6 20. f3 Qh5
21. g4 Qh4 22. Rac1 Rf8 23. Rc7 Re4 24. Qxe4 dxe4 25. Rc3 Qf6 26. a3 Qxd4+ 27.
Be3 Qd5 28. Bxa7 exf3 29. Bf2 Bxg4 30. exf3 Bxf3 31. Rce3 Qf5 32. Bg3 Qc2 33.
Bf2 Qxb2 34. h4 Rf4 35. Rxf3 Rxf3 36. Rf1 Qe2 37. a4 Rh3 38. Rb1 Qf3 39. Kf1
39... Rh1# {PostModernist checkmated} 0-1

[Event "ICS rated blitz match"]
[Site "204.178.125.65"]
[Date "1999.08.29"]
[Round "?"]
[White "PostModernist"]
[Black "Hossa"]
[Result "1/2-1/2"]
[WhiteElo "2538"]
[BlackElo "2481"]
[PlyCount "260"]
[EventDate "1999.??.??"]

1. e4 c5 2. Nf3 Nc6 3. d4 cxd4 4. Nxd4 e5 5. Nb5 Bc5 6. N1c3 Nf6 7. Nd6+ Bxd6
8. Qxd6 Qb6 9. Bd3 Qb4 10. Qxb4 Nxb4 11. Bg5 O-O 12. Bxf6 Nxd3+ 13. cxd3 gxf6
14. Nd5 Kg7 15. h4 d6 16. Nc7 Rb8 17. Nb5 a6 18. Nxd6 Rd8 19. Nxc8 Rbxc8 20.
Rh3 Rc2 21. b3 h5 22. Rg3+ Kh6 23. Rf3 Rd6 24. g3 Kg6 25. b4 Rc3 26. Ke2 Ra3
27. Re3 Rd4 28. Kd2 Rxb4 29. Kc2 Ra5 30. f4 Rd4 31. a3 b5 32. f5+ Kh6 33. Ree1
Rda4 34. Kb2 b4 35. axb4 Rxb4+ 36. Kc3 Rba4 37. Rxa4 Rxa4 38. Rb1 Kg7 39. Rb6
Ra3+ 40. Kc4 Ra1 41. Rb3 Rg1 42. d4 Rc1+ 43. Kd5 Rd1 44. Rb4 Rd3 45. Ra4 exd4
46. Rxa6 Rxg3 47. Kxd4 Rh3 48. Ra1 Rxh4 49. Rg1+ Rg4 50. Rb1 Rg3 51. Kc4 h4 52.
Rh1 Rg4 53. Kd5 Kh6 54. Kd4 Kg5 55. Kd5 Rg3 56. Kd6 Rg2 57. Kd5 Rd2+ 58. Kc4
Kg4 59. Kc3 Rd8 60. Kc4 Kg3 61. Re1 Kf4 62. Rh1 Kxe4 63. Rxh4+ Kxf5 64. Rh1 Ke4
65. Re1+ Kf4 66. Re7 Rf8 67. Kd3 f5 68. Ke2 Kg3 69. Re3+ Kg4 70. Re7 f4 71. Kf2
f6 72. Rg7+ Kf5 73. Rc7 Rg8 74. Rc5+ Kg4 75. Rc6 Rg6 76. Rc1 Rg5 77. Rg1+ Kf5
78. Rb1 Rg6 79. Rb5+ Kg4 80. Rb6 Rh6 81. Ra6 Kg5 82. Ra5+ f5 83. Ra8 Rh2+ 84.
Kf3 Rh3+ 85. Kf2 Re3 86. Rf8 Rc3 87. Re8 f3 88. Kg3 f4+ 89. Kf2 Rd3 90. Rg8+
Kf5 91. Rf8+ Kg4 92. Rg8+ Kf5 93. Rf8+ Kg4 94. Rg8+ Kh5 95. Rf8 Rd4 96. Rg8 Re4
97. Kxf3 Rc4 98. Rg1 Rd4 99. Rg7 Rd6 100. Kxf4 Rh6 101. Kf5 Rh8 102. Rg1 Rf8+
103. Ke6 Re8+ 104. Kd6 Re4 105. Rg8 Re3 106. Kd7 Re2 107. Rg7 Re1 108. Kd8 Rc1
109. Rg8 Re1 110. Kd7 Rc1 111. Ke7 Re1+ 112. Kf7 Rf1+ 113. Ke6 Re1+ 114. Kf6
Rf1+ 115. Ke6 Re1+ 116. Kd5 Rd1+ 117. Kc5 Rb1 118. Kc6 Rd1 119. Kc7 Rb1 120.
Kd7 Rc1 121. Rg3 Re1 122. Rg7 Rc1 123. Kd8 Re1 124. Kc8 Rd1 125. Rg8 Rb1 126.
Kd7 Rc1 127. Rg3 Re1 128. Rg7 Rc1 129. Rg8 Re1 130. Rg7 130... Rc1 {
Game drawn by repetition} 1/2-1/2

[Event "ICS rated blitz match"]
[Site "204.178.125.65"]
[Date "1999.09.24"]
[Round "?"]
[White "PostModernist"]
[Black "Hossa"]
[Result "1-0"]
[WhiteElo "2563"]
[BlackElo "2461"]
[PlyCount "118"]
[EventDate "1999.??.??"]

1. e4 c5 2. Nf3 d6 3. d4 cxd4 4. Nxd4 Nf6 5. Nc3 a6 6. Bg5 Nbd7 7. f4 e5 8. Nf5
Qb6 9. Qc1 exf4 10. Bd3 Ng4 11. Nd5 Qf2+ 12. Kd1 f6 13. Nc7+ Kf7 14. Bxf4 Rb8
15. Bc4+ Kg6 16. h3 h6 17. Ne6 Nde5 18. Nxf8+ Rxf8 19. Be2 Bxf5 20. exf5+ Kh7
21. hxg4 Qxg2 22. Re1 Nf3 23. Rf1 Rbe8 24. Be3 Nd4 25. Qd2 Nxc2 26. Kxc2 Qe4+
27. Qd3 Qxe3 28. Qxe3 Rxe3 29. Bf3 b5 30. Rad1 Rc8+ 31. Kb1 Rd8 32. Bb7 a5 33.
Rd5 Rb8 34. Rxb5 Re5 35. Rxe5 fxe5 36. Bd5 Rb4 37. Be6 Rd4 38. a3 Kh8 39. Rh1
Rxg4 40. f6 Rf4 41. f7 Kh7 42. Rh4 Rf1+ 43. Ka2 g5 44. Rh1 Rf2 45. Rd1 Kg7 46.
Rxd6 h5 47. Rd5 g4 48. Rxe5 Rf6 49. Rg5+ Kf8 50. Rg8+ Ke7 51. Re8+ Kd6 52. Bb3
Kc5 53. f8=Q+ Rxf8 54. Rxf8 Kd6 55. Rh8 Ke5 56. Rxh5+ Kf4 57. Rxa5 g3 58. Ra4+
Kf5 59. Bd1 59... Ke5 {Hossa resigns} 1-0

[Event "ICS rated blitz match"]
[Site "204.178.125.65"]
[Date "1999.09.13"]
[Round "?"]
[White "PostModernist"]
[Black "Hossa"]
[Result "1-0"]
[WhiteElo "2504"]
[BlackElo "2440"]
[PlyCount "153"]
[EventDate "1999.??.??"]

1. Nf3 d5 2. d4 Nf6 3. Bg5 Ne4 4. Bf4 e6 5. Nbd2 Bd6 6. Bxd6 cxd6 7. e3 Nxd2 8.
Qxd2 O-O 9. Bd3 Nc6 10. O-O-O Bd7 11. h4 Qb6 12. Ng5 h6 13. Nf3 Rfc8 14. Kb1
Rc7 15. g3 e5 16. dxe5 dxe5 17. Ne1 Rd8 18. Ng2 Bg4 19. Be2 Bxe2 20. Qxe2 Nb4
21. c3 Qg6+ 22. e4 Nc6 23. Rhe1 Rdd7 24. f4 dxe4 25. Rxd7 Rxd7 26. g4 exf4 27.
Nxf4 Qd6 28. Qe3 Qe5 29. Re2 Rd1+ 30. Kc2 Rf1 31. Rf2 Rg1 32. Rg2 Rxg2+ 33.
Nxg2 f5 34. gxf5 Qxf5 35. Nf4 g5 36. hxg5 hxg5 37. Nh3 g4 38. Nf2 Kf8 39. b3
Qf3 40. Kd2 Kg7 41. Qxf3 exf3 42. Nxg4 Ne7 43. Nh2 f2 44. Ke2 Nd5 45. c4 Nc3+
46. Kxf2 Nxa2 47. Nf3 Nb4 48. Ke3 Nc6 49. Nd4 Nb8 50. Ke4 a5 51. Ne6+ Kf6 52.
Nc5 a4 53. Nxa4 Na6 54. Kd4 Nb4 55. Kc5 Nc2 56. Kb6 Nb4 57. Kxb7 Ke5 58. c5 Kd5
59. Kb6 Ke6 60. Nc3 Kd7 61. Nb5 Nc6 62. Na7 Ne7 63. c6+ Kd6 64. b4 Nd5+ 65. Kb7
Nxb4 66. c7 Nd3 67. c8=Q Nc5+ 68. Kb6 Nd7+ 69. Kb5 Ne5 70. Qf5 Nd7 71. Nc6 Kc7
72. Qd5 Kc8 73. Qd6 Nb6 74. Qd8+ Kb7 75. Qxb6+ Kc8 76. Qd8+ Kb7 77. Qb8# {
Hossa checkmated} 1-0

[Event "ICS rated blitz match"]
[Site "204.178.125.65"]
[Date "1999.10.04"]
[Round "?"]
[White "PostModernist"]
[Black "Hossa"]
[Result "1-0"]
[WhiteElo "2560"]
[BlackElo "2363"]
[PlyCount "68"]
[EventDate "1999.??.??"]

1. e4 e5 2. Nf3 Nc6 3. Bb5 a6 4. Ba4 d6 5. c3 Nf6 6. O-O Nxe4 7. d4 exd4 8.
Nxd4 Bd7 9. Nxc6 Bxc6 10. Bxc6+ bxc6 11. Re1 d5 12. f3 Bc5+ 13. Be3 Bxe3+ 14.
Rxe3 f5 15. fxe4 fxe4 16. Qh5+ g6 17. Qe5+ Kf7 18. Nd2 Qd6 19. Rf1+ Kg8 20. Qd4
c5 21. Qa4 Rb8 22. c4 c6 23. Qxa6 Rxb2 24. Qa7 Qe6 25. Nxe4 dxe4 26. Rxe4 Rxg2+
27. Kh1 Rf2 28. Rxe6 Rxf1+ 29. Kg2 Rf7 30. Qxc5 Rd7 31. Qe5 Ra7 32. Re8+ Kf7
33. Qxh8 Rxa2+ 34. Kf3 34... Rf2+ {Hossa resigns} 1-0

[Event "ICS rated blitz match"]
[Site "204.178.125.65"]
[Date "1999.10.04"]
[Round "?"]
[White "PostModernist"]
[Black "Hossa"]
[Result "1-0"]
[WhiteElo "2586"]
[BlackElo "2332"]
[PlyCount "53"]
[EventDate "1999.??.??"]

1. Nf3 d5 2. d4 Nf6 3. c4 dxc4 4. e3 b5 5. a4 c6 6. b3 cxb3 7. axb5 Be6 8. Nbd2
Bd5 9. Bd3 e5 10. Nxe5 Bxg2 11. Rg1 Bd5 12. Bb2 Qc7 13. e4 Be6 14. bxc6 a5 15.
d5 Bc8 16. Nef3 Qf4 17. Be5 Qh6 18. Qxb3 Na6 19. Bxa6 Bxa6 20. Rxa5 Be7 21.
Rxa6 O-O 22. Rxa8 Rxa8 23. c7 Rc8 24. Qb6 Kh8 25. d6 Qh3 26. dxe7 Qe6 27. Qxe6
{Hossa resigns} 1-0

[Event "ICS rated blitz match"]
[Site "204.178.125.65"]
[Date "1999.09.24"]
[Round "?"]
[White "PostModernist"]
[Black "Hossa"]
[Result "1-0"]
[WhiteElo "2626"]
[BlackElo "2419"]
[PlyCount "73"]
[EventDate "1999.??.??"]

1. d4 f5 2. g3 d5 3. Bg2 Nf6 4. Nh3 e6 5. c3 Be7 6. Nd2 O-O 7. O-O c5 8. Nf3
Nc6 9. Nf4 Ne4 10. Nd3 cxd4 11. Nxd4 Bf6 12. Nxc6 bxc6 13. Bf4 a5 14. Re1 Re8
15. Be5 Bxe5 16. Nxe5 Qb6 17. Bxe4 fxe4 18. b3 Rf8 19. Qd4 Qc7 20. f4 c5 21.
Qf2 Bb7 22. a4 Rf5 23. e3 Raf8 24. Qd2 Rd8 25. b4 axb4 26. cxb4 cxb4 27. Qxb4
Rc8 28. Rab1 Ba8 29. Qa3 Re8 30. a5 Ref8 31. Rec1 Qd8 32. Qc5 Kh8 33. Qa7 Qd6
34. Rc7 Rxe5 35. Rxg7 Rh5 36. Rg4 Bb7 37. Qxb7 {Hossa resigns} 1-0

[Event "ICS rated blitz match"]
[Site "204.178.125.65"]
[Date "1999.09.12"]
[Round "?"]
[White "PostModernist"]
[Black "Hossa"]
[Result "1-0"]
[WhiteElo "2555"]
[BlackElo "2485"]
[PlyCount "187"]
[EventDate "1999.??.??"]

1. d4 d5 2. c4 e6 3. Nc3 Be7 4. Nf3 Nf6 5. Bg5 O-O 6. e3 Nc6 7. Bd3 Nb4 8. Bb1
c5 9. cxd5 cxd4 10. Qxd4 Nbxd5 11. O-O Nxc3 12. Qxc3 h6 13. Bf4 Nd5 14. Qd3 f5
15. Be5 Bf6 16. Rd1 Bd7 17. e4 Nb6 18. exf5 exf5 19. Qc3 Qe7 20. Bxf6 Qxf6 21.
Ne5 Be6 22. Re1 Rfd8 23. Qf3 Rd5 24. Nd3 Rad8 25. Bc2 R5d6 26. Nc5 Rc8 27. Nxb7
Rd2 28. Bb3 Bd5 29. Bxd5+ Nxd5 30. Rad1 Qxb2 31. Nd6 Rc7 32. Qxf5 Rxd1 33. Rxd1
Nc3 34. Nc4 Qb8 35. Rd2 Qe8 36. Ne3 Rb7 37. g3 Rb1+ 38. Kg2 Ra1 39. Qc5 Ne4 40.
Qc4+ Kh8 41. Re2 Qa8 42. f3 Ng5 43. Qg4 Qg8 44. Nc4 Qd5 45. Rd2 Qc5 46. Ne3 Re1
47. Qf5 Qxf5 48. Nxf5 Ne6 49. Nd6 Rc1 50. Ne4 Kh7 51. Rd6 Rc2+ 52. Kh3 Nc7 53.
Rd7 a5 54. f4 Ne6 55. f5 Nf8 56. Rb7 Kh8 57. f6 gxf6 58. Nxf6 a4 59. Rf7 Rc8
60. Kg4 Rc2 61. Rxf8+ Kg7 62. Nd7 Rd2 63. Rd8 Rxa2 64. Ra8 a3 65. Ra7 Rxh2 66.
Rxa3 Rd2 67. Ra7 Kg6 68. Ra6+ Kg7 69. Nf6 Rf2 70. Nh5+ Kh7 71. Ra7+ Kg8 72. Nf4
Rf1 73. Re7 Rf2 74. Rb7 Kh8 75. Kh5 Kg8 76. Kxh6 Kf8 77. Ng6+ Ke8 78. g4 Rh2+
79. Kg7 Rg2 80. Ne5 Kd8 81. Rf7 Ke8 82. Kf6 Rf2+ 83. Ke6 Re2 84. Rh7 Kf8 85. g5
Kg8 86. Rd7 Rf2 87. g6 Rg2 88. Kf6 Rf2+ 89. Kg5 Rg2+ 90. Ng4 Rg1 91. Rf7 Kh8
92. Kf6 Kg8 93. Nh6+ Kh8 94. Rf8# {Hossa checkmated} 1-0

[Event "ICS rated blitz match"]
[Site "204.178.125.65"]
[Date "1999.10.01"]
[Round "?"]
[White "PostModernist"]
[Black "Hossa"]
[Result "1-0"]
[WhiteElo "2496"]
[BlackElo "2457"]
[PlyCount "142"]
[EventDate "1999.??.??"]

1. e4 c6 2. d4 d5 3. exd5 cxd5 4. c4 Nf6 5. Nc3 Nc6 6. cxd5 Nxd5 7. Nf3 e6 8.
Bd3 Be7 9. O-O O-O 10. Re1 Re8 11. a3 Bd7 12. Be4 Nf6 13. Bc2 Rc8 14. Bg5 h6
15. Bxf6 Bxf6 16. Qd3 g6 17. Ne4 Be7 18. Rac1 Rc7 19. Qe3 Bf8 20. Ne5 Bg7 21.
Nd6 Nxe5 22. dxe5 Rf8 23. Qxa7 Qg5 24. Qb6 Bc6 25. g3 Rd7 26. f4 Qd8 27. Qf2
Qe7 28. Be4 Bxe4 29. Nxe4 Rfd8 30. Qe2 Rd5 31. Red1 Qd7 32. Rxd5 exd5 33. Nc5
Qc6 34. Nd3 Qd7 35. Qc2 Qg4 36. Qc7 Qd7 37. Qa5 Rb8 38. Rc5 b5 39. Qc7 Qxc7 40.
Rxc7 Kf8 41. Rd7 Ke8 42. Rxd5 Ke7 43. Nb4 Ke6 44. Rd6+ Kf5 45. Nc6 Rb7 46. Kf2
Kg4 47. Kg2 g5 48. h3+ Kf5 49. Kf3 gxf4 50. gxf4 f6 51. e6 Bf8 52. Rd7 Rb6 53.
Nd4+ Kg6 54. e7 Bxe7 55. Rxe7 Kh5 56. Re6 Rxe6 57. Nxe6 Kg6 58. Ke4 Kh5 59. Kf5
Kh4 60. Nc7 b4 61. axb4 Kxh3 62. b5 h5 63. b6 h4 64. b7 Kg2 65. b8=Q h3 66.
Qb7+ Kf2 67. Qh1 Kg3 68. Qf1 h2 69. b4 h1=Q 70. Qxh1 Kf2 71. Nd5 71... Ke2 {
Hossa resigns} 1-0

[Event "ICS rated blitz match"]
[Site "204.178.125.65"]
[Date "1999.10.15"]
[Round "?"]
[White "PostModernist"]
[Black "Hossa"]
[Result "1-0"]
[WhiteElo "2579"]
[BlackElo "2416"]
[PlyCount "110"]
[EventDate "1999.??.??"]

1. d4 Nf6 2. c4 e6 3. Nc3 Bb4 4. e3 O-O 5. Bd3 d5 6. Nf3 c5 7. O-O Nbd7 8. Qe2
cxd4 9. exd4 Nb6 10. cxd5 exd5 11. Ne5 Re8 12. Bg5 h6 13. Be3 Be6 14. Qf3 Bxc3
15. bxc3 Rc8 16. Rfc1 Nfd7 17. Qg3 Qf6 18. a4 Re7 19. a5 Na8 20. c4 dxc4 21.
Nxc4 Bxc4 22. Rxc4 Rxc4 23. Bxc4 Qc6 24. Rc1 Kf8 25. Bd3 Qe6 26. Rc8+ Re8 27.
Rxe8+ Qxe8 28. Bb5 Ke7 29. Qxg7 Nc7 30. Ba4 Kd8 31. Qxh6 Kc8 32. Qd6 Qe6 33.
Qxe6 fxe6 34. Bxd7+ Kxd7 35. h4 Nb5 36. h5 Ke8 37. g4 Nd6 38. g5 Kf7 39. d5
exd5 40. Bxa7 Nc4 41. g6+ Kg7 42. Bd4+ Kh6 43. Bc5 Kg7 44. f4 Nd2 45. f5 Nf3+
46. Kh1 d4 47. h6+ Kxh6 48. Bf8+ Kg5 49. g7 Kxf5 50. g8=Q Ne5 51. Qh7+ Ng6 52.
Bh6 Kf6 53. Qg7+ Kf5 54. Qf7+ Ke4 55. Qxb7+ 55... Kd3 {Hossa resigns} 1-0